000 01967cam a22001934a 4500
005 20250605164103.0
008 250528s ||||||||||||||||||||||||d
035 _a17622
020 _a9786188117006
040 _aGR-AtMCL
_bgre
_dGR-AtMCL
_eAACR2
245 1 _aΘεσμοί και Εφαρμογές Κοινωνικής Οικονομίας / Η Οργανωμένη Κοινωνία των Πολιτών είναι το ''Μέσον'' ο Συνεργατισμός το ''Μήνυμα'' και η Ελπίδα του Κόσμου
260 _bΠαρατηρητήριο,
_c2014
300 _a302
520 _aΤο βιβλίο εξετάζει τρεις συσχετιζόμενες έννοιες: ''κοινωνία πολιτών'', ''κοινωνική οικονομία'' και συμμετοχική δημοκρατία''. Εισαγωγή, Η Θέσμιση της Κοινωνικής Οικονομίας, Τι είναι η Κοινωνική Οικονομία, Η Κοινωνική Οικονομία ως Παγκόσμιο Πραγματιστικό Φαινόμενο, Η Συγκρότηση Κοινωνικού Κεφαλαίου - Θεσμοί Αλληλεγγύης - Δίκτυα, Ο Συνεργατισμός και η Νέα Εποχή, Οι Οργανώσεις της Κοινωνίας Πολιτών και η Κοινωνική Οικονομία, Νέες Τεχνολογίες και Οριζόντια Ισχύς, Τομείς Εφαρμογής και Δομές Στήριξης, Τομείς Εφαρμογής της Κοινωνικής Οικονομίας, Κοινωνικές Αναπτυξιακές Συμπράξεις, Αντί Επιλόγου, Η Διαλεκτική Σχέση ''Μέσου'' και ''Μηνύματος'', Παρεμβάσεις - Διάλογος, Βιβλιογραφία.
700 1 _aΤακτικός Βασίλης
_93806
942 _cBK
999 _c3025
_d3025